[Event "MNT-chT"]
[Site "Herceg Novi"]
[Date "2025.05.03"]
[Round "4.18"]
[White "Kovacevic, Sasa"]
[Black "Miletic, Vuk"]
[Result "0-1"]
[WhiteElo "1827"]
[BlackElo "2215"]
[PlyCount "58"]
[EventDate "2025.05.01"]
[EventType "team-tourn"]
[EventRounds "9"]
[EventCountry "MNE"]
[SourceTitle "CB20_2025"]
[SourceDate "2025.05.14"]
[SourceVersion "1"]
[SourceVersionDate "2025.05.14"]
[SourceQuality "1"]
[WhiteTeam "Rumija"]
[BlackTeam "Elektroprivreda"]
[WhiteTeamCountry "MNE"]
[BlackTeamCountry "MNE"]

1. d4 d6 2. Nf3 g6 3. g3 Bg7 4. Bg2 f5 5. c4 Nf6 6. Nc3 0-0 7. 0-0 Nc6 8. Re1 Ne4 9. e3 Nxc3 10. bxc3 e5 11. Qb3 Kh8 12. Bb2 g5 13. Rad1 Qf6 14. Rd2 e4 15. c5 exf3 16. Bxf3 dxc5 17. d5 Ne5 18. Bg2 c4 19. Qc2 Nd3 20. Rxd3 cxd3 21. Qxd3 f4 22. exf4 gxf4 23. Qd2 Bg4 24. h3 fxg3 25. fxg3 Bf3 26. Rf1 Qb6+ 27. Kh2 Bxg2 28. Rxf8+ Rxf8 29. Kxg2 Qb5 0-1

[Event "MNT-ch 77th"]
[Site "Podgorica"]
[Date "2025.02.07"]
[Round "9"]
[White "Abramovic, Dragoljub"]
[Black "Miletic, Vuk"]
[Result "1/2-1/2"]
[WhiteElo "2017"]
[BlackElo "2227"]
[PlyCount "146"]
[EventDate "2025.01.31"]
[EventType "swiss"]
[EventRounds "11"]
[EventCountry "MNE"]
[SourceTitle "CB07_2025"]
[SourceDate "2025.02.12"]
[SourceVersion "1"]
[SourceVersionDate "2025.02.12"]
[SourceQuality "1"]

1. e4 c5 2. c3 Nf6 3. d3 Nc6 4. Nf3 d5 5. Nbd2 Qc7 6. Qc2 g6 7. g3 Bg7 8. Bg2 0-0 9. 0-0 Rd8 10. Re1 e5 11. a4 d4 12. cxd4 cxd4 13. b4 Ne8 14. Ba3 Bf8 15. b5 Nb4 16. Qxc7 Nxc7 17. Rec1 Ne6 18. Nxe5 f6 19. Bxb4 Bxb4 20. Nec4 Nc5 21. Bf1 Be6 22. Rcb1 Bc3 23. Ra3 Rac8 24. f3 Nd7 25. Kf2 Ne5 26. Nxe5 Bxd2 27. Nc4 Bc3 28. Be2 Kg7 29. Rbb3 Rc5 30. Rb1 Rd7 31. h4 Rd8 32. f4 h6 33. e5 Bxc4 34. exf6+ Kxf6 35. dxc4 Re8 36. Rd1 b6 37. Ra2 Rc7 38. Bd3 Rce7 39. Re2 Re3 40. Rxe3 Rxe3 41. Be2 Re7 42. Rd3 Bb4 43. Rf3 Bc5 44. Bd3 Bb4 45. Be2 Bc5 46. Rd3 a5 47. bxa6 Ra7 48. Bf3 Rxa6 49. Bc6 Ra7 50. Kf3 Rc7 51. Bd5 Ra7 52. Bc6 Rc7 53. Bb5 Re7 54. g4 Re1 55. g5+ Kg7 56. gxh6+ Kxh6 57. Bd7 Rh1 58. Ke4 Rxh4 59. Kd5 Rxf4 60. a5 Rf6 61. axb6 Bxb6 62. c5 Bc7 63. Rxd4 Ra6 64. Re4 Bb8 65. Rb4 Bg3 66. Rg4 Bb8 67. Be8 Rf6 68. Bd7 Rf4 69. Rg1 Rf3 70. Rb1 Rd3+ 71. Kc6 Ba7 72. Rb7 Ra3 73. Rb5 Rc3 1/2-1/2

[Event "EU-Cup 39th"]
[Site "Vrnjacka Banja"]
[Date "2024.10.21"]
[Round "2.6"]
[White "Miletic, Vuk"]
[Black "Noer, Martin Stampe"]
[Result "1-0"]
[WhiteElo "2246"]
[BlackElo "1904"]
[PlyCount "67"]
[EventDate "2024.10.20"]
[EventType "team-swiss"]
[EventRounds "7"]
[EventCountry "SRB"]
[SourceTitle "CB44_2024"]
[Source "Chessbase"]
[SourceDate "2024.10.30"]
[SourceVersion "1"]
[SourceVersionDate "2024.10.30"]
[SourceQuality "1"]
[WhiteTeam "Elektroprivreda"]
[BlackTeam "Nordkalotten"]
[WhiteTeamCountry "MNE"]
[BlackTeamCountry "NOR"]

1. Nf3 d5 2. e3 Nf6 3. c4 c6 4. Nc3 Bf5 5. cxd5 cxd5 6. Qb3 e6 7. Nd4 Bg6 8. Qxb7 Nbd7 9. Nc6 Qc8 10. Qxc8+ Rxc8 11. Nxa7 Rb8 12. d4 Bb4 13. f3 0-0 14. Nc6 Rb6 15. Nxb4 Rxb4 16. b3 Rc8 17. Bd2 Rbb8 18. Be2 h5 19. Kf2 Bf5 20. Rhc1 e5 21. Nb5 Be6 22. Rxc8+ Rxc8 23. Rc1 Rxc1 24. Bxc1 Bf5 25. a4 Bc2 26. dxe5 Nxe5 27. Bb2 Ned7 28. Nd4 Bg6 29. a5 Nc5 30. a6 Nfd7 31. Nc6 Bd3 32. a7 Nb6 33. b4 Bxe2 34. bxc5 1-0

[Event "EU-Cup 39th"]
[Site "Vrnjacka Banja"]
[Date "2024.10.20"]
[Round "1.6"]
[White "Schmidt, Kevin"]
[Black "Miletic, Vuk"]
[Result "0-1"]
[WhiteElo "1941"]
[BlackElo "2246"]
[PlyCount "80"]
[EventDate "2024.10.20"]
[EventType "team-swiss"]
[EventRounds "7"]
[EventCountry "SRB"]
[SourceTitle "CB44_2024"]
[Source "Chessbase"]
[SourceDate "2024.10.30"]
[SourceVersion "1"]
[SourceVersionDate "2024.10.30"]
[SourceQuality "1"]
[WhiteTeam "Muelheim Nord"]
[BlackTeam "Elektroprivreda"]
[WhiteTeamCountry "GER"]
[BlackTeamCountry "MNE"]

1. e4 c5 2. Nf3 Nc6 3. Bb5 e5 4. 0-0 Bd6 5. Re1 Nge7 6. c3 0-0 7. Na3 Bc7 8. Nc2 a6 9. Bf1 d5 10. exd5 Nxd5 11. h3 Re8 12. d4 cxd4 13. cxd4 e4 14. Nh2 Qd6 15. g3 Qg6 16. Bg2 f5 17. Ne3 Be6 18. Nhf1 Rad8 19. Nxd5 Rxd5 20. Be3 Red8 21. Qb3 Rb5 22. Qc2 Qf7 23. b3 Nxd4 24. Bxd4 Rxd4 25. Rad1 Rbd5 26. Rc1 Bb6 27. Re2 Rc5 28. Qb2 Rxc1 29. Qxc1 h6 30. h4 Qd7 31. Rc2 Kh7 32. Qf4 Qd6 33. Qe3 Rd1 34. Qe2 Qd3 35. g4 Qxe2 36. Rxe2 g6 37. h5 Bd5 38. gxf5 gxf5 39. Bh3 Be6 40. Kg2 f4 0-1

[Event "Niksic op"]
[Site "Niksic"]
[Date "2024.07.23"]
[Round "1"]
[White "Miletic, Vuk"]
[Black "Krivokapic, Ognjen"]
[Result "1-0"]
[WhiteElo "2193"]
[BlackElo "1581"]
[PlyCount "43"]
[EventDate "2024.07.23"]
[EventType "swiss"]
[EventRounds "5"]
[EventCountry "MNE"]
[SourceTitle "CBM 221 Extra"]
[Source "ChessBase"]
[SourceDate "2024.09.30"]
[SourceVersion "1"]
[SourceVersionDate "2024.09.30"]
[SourceQuality "1"]

1. d4 Nf6 2. Nc3 d5 3. Bf4 c6 4. e3 Bf5 5. Nf3 e6 6. Ne5 Be7 7. g4 Bg6 8. h4 h6 9. Nxg6 fxg6 10. Bd3 Bd6 11. Bxg6+ Ke7 12. Qf3 Bxf4 13. exf4 Qb6 14. 0-0-0 Nbd7 15. g5 Ne8 16. Rhe1 Nf8 17. f5 Nxg6 18. Rxe6+ Kf7 19. fxg6+ Kxe6 20. Qf7+ Kd6 21. Re1 Qxd4 22. Qe7# 1-0

[Event "MNE-ch 76th"]
[Site "Podgorica"]
[Date "2024.02.15"]
[Round "11"]
[White "Sukovic, Andrej"]
[Black "Miletic, Vuk"]
[Result "1-0"]
[WhiteElo "2339"]
[BlackElo "2213"]
[PlyCount "95"]
[EventDate "2024.02.06"]
[EventType "swiss"]
[EventRounds "11"]
[EventCountry "MNE"]
[SourceTitle "CBM 218 Extra"]
[Source "ChessBase"]
[SourceDate "2024.03.31"]
[SourceVersion "1"]
[SourceVersionDate "2024.03.31"]
[SourceQuality "1"]

1. e4 c5 2. c3 Nf6 3. e5 Nd5 4. Nf3 Nc6 5. Bc4 Nb6 6. Bb3 c4 7. Bc2 d6 8. exd6 Qxd6 9. 0-0 g6 10. Na3 Bf5 11. Bxf5 gxf5 12. b3 cxb3 13. axb3 Bg7 14. d4 0-0 15. Nc4 Nxc4 16. bxc4 Rfe8 17. Nh4 e6 18. Qh5 Qc7 19. Re1 Ne7 20. Nf3 Ng6 21. c5 Qd7 22. Ng5 Nf8 23. Rb1 Rac8 24. Bf4 f6 25. Nf3 Ng6 26. Bd6 Bf8 27. Bxf8 Rxf8 28. Qh6 Rc6 29. h4 b6 30. h5 Ne7 31. c4 bxc5 32. d5 exd5 33. Nh4 Re6 34. Rxe6 Qxe6 35. Rb3 f4 36. Qxf4 Qe1+ 37. Kh2 Qe5 38. Rg3+ Kh8 39. Qh6 Rg8 40. f4 Qe6 41. cxd5 Qd6 42. Kh1 c4 43. Re3 c3 44. Rxc3 Qa6 45. Rc7 Qf1+ 46. Kh2 Qf2 47. Ng6+ Rxg6 48. hxg6 1-0

[Event "MNE-ch 76th"]
[Site "Podgorica"]
[Date "2024.02.14"]
[Round "10"]
[White "Miletic, Vuk"]
[Black "Milovic, Ilija"]
[Result "1/2-1/2"]
[WhiteElo "2213"]
[BlackElo "1877"]
[PlyCount "75"]
[EventDate "2024.02.06"]
[EventType "swiss"]
[EventRounds "11"]
[EventCountry "MNE"]
[SourceTitle "CBM 218 Extra"]
[Source "ChessBase"]
[SourceDate "2024.03.31"]
[SourceVersion "1"]
[SourceVersionDate "2024.03.31"]
[SourceQuality "1"]

1. d4 d5 2. Nf3 Nf6 3. Bg5 e6 4. e3 Be7 5. Nbd2 0-0 6. Bd3 b6 7. Qe2 Bb7 8. h4 Nbd7 9. c3 c5 10. Bf4 Ne4 11. Ng5 Ndf6 12. Be5 h6 13. Ngxe4 Nxe4 14. Bxe4 dxe4 15. Qg4 Bf6 16. Bxf6 Qxf6 17. Nxe4 Qf5 18. Qxf5 exf5 19. Nd6 Bxg2 20. Rg1 Be4 21. dxc5 bxc5 22. 0-0-0 Rfd8 23. Rg3 Rd7 24. f3 Rad8 25. fxe4 Rxd6 26. Rxd6 Rxd6 27. exf5 g6 28. Kc2 Kg7 29. b4 Kf6 30. fxg6 fxg6 31. Rg4 cxb4 32. cxb4 Ra6 33. Kb3 Re6 34. e4 h5 35. Rf4+ Ke5 36. Rf7 a6 37. a4 Kxe4 38. b5 1/2-1/2

[Event "MNE-ch 76th"]
[Site "Podgorica"]
[Date "2024.02.11"]
[Round "6"]
[White "Miletic, Vuk"]
[Black "Ratkovic, Milorad"]
[Result "0-1"]
[WhiteElo "2213"]
[BlackElo "2063"]
[PlyCount "72"]
[EventDate "2024.02.06"]
[EventType "swiss"]
[EventRounds "11"]
[EventCountry "MNE"]
[SourceTitle "CBM 218 Extra"]
[Source "ChessBase"]
[SourceDate "2024.03.31"]
[SourceVersion "1"]
[SourceVersionDate "2024.03.31"]
[SourceQuality "1"]

1. d4 d5 2. Nf3 Bf5 3. Bf4 e6 4. e3 Bd6 5. Bg3 Ne7 6. c4 0-0 7. Nc3 c6 8. Qb3 Bxg3 9. hxg3 b6 10. Nh4 Bg6 11. Nxg6 Nxg6 12. Bd3 Nd7 13. cxd5 cxd5 14. f4 Nf6 15. Qd1 b5 16. Nxb5 Rb8 17. Qe2 Ne4 18. Bxe4 dxe4 19. Nc3 f5 20. Rc1 Qb6 21. Rc2 Ne7 22. 0-0 Rfc8 23. Rfc1 Qa5 24. g4 fxg4 25. Nxe4 Rxc2 26. Rxc2 Nf5 27. Nc3 h5 28. Qd3 Qd8 29. Ne4 Qa5 30. Nc3 Rd8 31. Qe4 Rd6 32. d5 Qd8 33. Nb5 Rxd5 34. Qxe6+ Kh7 35. Nc3 Rd1+ 36. Kf2 Qh4+ 0-1

[Event "MNE-ch 76th"]
[Site "Podgorica"]
[Date "2024.02.10"]
[Round "5"]
[White "Ivanovic, Bozidar"]
[Black "Miletic, Vuk"]
[Result "1-0"]
[WhiteElo "2403"]
[BlackElo "2213"]
[PlyCount "81"]
[EventDate "2024.02.06"]
[EventType "swiss"]
[EventRounds "11"]
[EventCountry "MNE"]
[SourceTitle "CBM 218 Extra"]
[Source "ChessBase"]
[SourceDate "2024.03.31"]
[SourceVersion "1"]
[SourceVersionDate "2024.03.31"]
[SourceQuality "1"]

1. e4 c5 2. Nf3 Nc6 3. d4 cxd4 4. Nxd4 g6 5. Nc3 Bg7 6. Be3 Nf6 7. Bc4 0-0 8. Bb3 Re8 9. h3 d6 10. 0-0 Na5 11. f4 b6 12. Qd3 Nxb3 13. axb3 Bb7 14. Nf3 a6 15. Rad1 b5 16. f5 Rc8 17. fxg6 hxg6 18. Ng5 Qc7 19. Rf2 Rf8 20. Nd5 Bxd5 21. exd5 Nh7 22. Nxh7 Kxh7 23. c3 Be5 24. Rdf1 f6 25. g4 Qd7 26. Rg2 Kg7 27. h4 Rg8 28. g5 f5 29. h5 gxh5 30. Bd4 e6 31. dxe6 Qxe6 32. Rxf5 Rgf8 33. Bxe5+ dxe5 34. Rf6 e4 35. Qd4 Rxf6 36. gxf6+ Kf8 37. Qb4+ Kf7 38. Rg7+ Kxf6 39. Qd4+ Kf5 40. Qf2+ Ke5 41. Qg3+ 1-0

[Event "MNE-ch 76th"]
[Site "Podgorica"]
[Date "2024.02.09"]
[Round "4"]
[White "Miletic, Vuk"]
[Black "Podlesnik, Bogdan"]
[Result "1/2-1/2"]
[WhiteElo "2213"]
[BlackElo "2284"]
[PlyCount "52"]
[EventDate "2024.02.06"]
[EventType "swiss"]
[EventRounds "11"]
[EventCountry "MNE"]
[SourceTitle "CBM 218 Extra"]
[Source "ChessBase"]
[SourceDate "2024.03.31"]
[SourceVersion "1"]
[SourceVersionDate "2024.03.31"]
[SourceQuality "1"]

1. d4 e6 2. c4 Nf6 3. Nc3 Bb4 4. a3 Bxc3+ 5. bxc3 c5 6. f3 0-0 7. e4 Ne8 8. Bd3 Nc6 9. Ne2 b6 10. 0-0 Ba6 11. f4 f5 12. exf5 exf5 13. dxc5 bxc5 14. Ng3 g6 15. Be3 d6 16. Re1 Nf6 17. Bf2 Qa5 18. Bxf5 gxf5 19. Qxd6 Rac8 20. Qe6+ Kh8 21. Nxf5 Qxc3 22. Rac1 Qb2 23. Rb1 Qc3 24. Rbc1 Qb2 25. Rb1 Qc3 26. Rbc1 Qb2 1/2-1/2

[Event "MNE-ch 76th"]
[Site "Podgorica"]
[Date "2024.02.07"]
[Round "2"]
[White "Miletic, Vuk"]
[Black "Drasko, Milan"]
[Result "1/2-1/2"]
[WhiteElo "2213"]
[BlackElo "2339"]
[PlyCount "25"]
[EventDate "2024.02.06"]
[EventType "swiss"]
[EventRounds "11"]
[EventCountry "MNE"]
[SourceTitle "CBM 218 Extra"]
[Source "ChessBase"]
[SourceDate "2024.03.31"]
[SourceVersion "1"]
[SourceVersionDate "2024.03.31"]
[SourceQuality "1"]

1. d4 e6 2. c4 Nf6 3. Nc3 Bb4 4. a3 Bxc3+ 5. bxc3 c5 6. e3 b6 7. Bd3 Bb7 8. f3 Nc6 9. Ne2 0-0 10. 0-0 Na5 11. e4 Ne8 12. f4 f5 13. exf5 1/2-1/2

[Event "Skopje op-A"]
[Site "Skopje"]
[Date "2023.12.12"]
[Round "9"]
[White "Miletic, Vuk"]
[Black "Djurovic, Peko"]
[Result "1/2-1/2"]
[WhiteElo "2193"]
[BlackElo "2359"]
[PlyCount "28"]
[EventDate "2023.12.06"]
[EventType "swiss"]
[EventRounds "9"]
[EventCountry "MKD"]
[SourceTitle "EXT 2025"]
[Source "ChessBase"]
[SourceDate "2024.10.14"]
[SourceVersion "1"]
[SourceVersionDate "2024.10.14"]
[SourceQuality "1"]

1. c4 Nf6 2. Nf3 e6 3. d4 d5 4. g3 Be7 5. Bg2 0-0 6. 0-0 dxc4 7. Ne5 Nc6 8. Bxc6 bxc6 9. Nxc6 Qe8 10. Nxe7+ Qxe7 11. Qa4 e5 12. dxe5 Qxe5 13. Qxc4 Be6 14. Qc2 Nd5 1/2-1/2

[Event "EU-chT 24th"]
[Site "Budva"]
[Date "2023.11.17"]
[Round "6.3"]
[White "Ashiku, Franc"]
[Black "Miletic, Vuk"]
[Result "0-1"]
[WhiteElo "2396"]
[BlackElo "2190"]
[PlyCount "108"]
[EventDate "2023.11.11"]
[EventType "team-swiss"]
[EventRounds "9"]
[EventCountry "MNE"]
[SourceTitle "CBM 217 Extra"]
[Source "ChessBase"]
[SourceDate "2024.01.31"]
[SourceVersion "1"]
[SourceVersionDate "2024.01.31"]
[SourceQuality "1"]
[WhiteTeam "Albania"]
[BlackTeam "Montenegro III"]
[WhiteTeamCountry "ALB"]
[BlackTeamCountry "MNE"]

1. d4 d5 2. c4 e6 3. Nf3 a6 4. g3 dxc4 5. Bg2 Nc6 6. 0-0 Rb8 7. Qc2 b5 8. b3 Nb4 9. Qd1 cxb3 10. Qxb3 Bb7 11. Bd2 Nc6 12. e3 Nf6 13. Rc1 Bd6 14. a4 b4 15. a5 0-0 16. Ne1 Ne7 17. Bxb7 Rxb7 18. Nd3 Qb8 19. Be1 Rb5 20. f3 Nd7 21. Nd2 e5 22. dxe5 Nxe5 23. Nxe5 Bxe5 24. Rab1 Bc3 25. Nc4 Bxe1 26. Rxe1 Rd8 27. e4 Nc6 28. Red1 h6 29. Rxd8+ Qxd8 30. Rd1 Qe7 31. Ne3 Rxa5 32. Nf5 Qc5+ 33. Kg2 Qc3 34. Qb1 b3 35. Rc1 Ra2+ 36. Kh3 Rc2 37. Rf1 Qd2 38. Qxb3 Qxh2+ 39. Kg4 Ne5+ 40. Kf4 Ng6+ 41. Kg4 Ne5+ 42. Kf4 Qd2+ 43. Qe3 Nd3+ 44. Kg4 Nf2+ 45. Kf4 g5+ 46. Ke5 Qa5+ 47. Kf6 Rc6+ 48. Ke7 Re6+ 49. Kd7 Qb5+ 50. Kc8 Re8+ 51. Kxc7 Qb8+ 52. Kd7 Qc8+ 53. Kd6 Rd8+ 54. Ke5 Qe6# 0-1

[Event "EU-Cup 38th"]
[Site "Durres"]
[Date "2023.10.06"]
[Round "6.6"]
[White "Miletic, Vuk"]
[Black "Korpa, Bence"]
[Result "0-1"]
[WhiteElo "2190"]
[BlackElo "2522"]
[PlyCount "56"]
[EventDate "2023.10.01"]
[EventType "team-swiss"]
[EventRounds "7"]
[EventCountry "ALB"]
[SourceTitle "CBM 216 Extra"]
[Source "ChessBase"]
[SourceDate "2023.11.30"]
[SourceVersion "1"]
[SourceVersionDate "2023.11.30"]
[SourceQuality "1"]
[WhiteTeam "Elektroprivreda"]
[BlackTeam "Ajka Sentimento"]
[WhiteTeamCountry "MNE"]
[BlackTeamCountry "HUN"]

1. d4 Nf6 2. Bf4 g6 3. Nc3 d5 4. e3 Bg7 5. h4 h5 6. Nf3 Bg4 7. Qd2 Bxf3 8. gxf3 c6 9. e4 e6 10. Bg5 Qc7 11. 0-0-0 Nbd7 12. Kb1 a6 13. Qe3 b5 14. Bh3 Nb6 15. Ne2 Nc4 16. Qd3 Nh7 17. Bf4 Qb6 18. Rhe1 0-0-0 19. exd5 cxd5 20. Nc1 Rhe8 21. Bg3 Kb7 22. Re2 a5 23. Be5 Bf8 24. Ree1 a4 25. b3 Rc8 26. Re2 Bb4 27. Bf4 Na3+ 28. Kb2 Qa5 0-1

[Event "Paracin op 16th"]
[Site "Paracin"]
[Date "2023.07.11"]
[Round "5"]
[White "Damljanovic, Branko"]
[Black "Miletic, Vuk"]
[Result "1/2-1/2"]
[WhiteElo "2422"]
[BlackElo "2234"]
[PlyCount "81"]
[EventDate "2023.07.07"]
[EventType "swiss"]
[EventRounds "9"]
[EventCountry "SRB"]
[SourceTitle "EXT 2024"]
[Source "ChessBase"]
[SourceDate "2023.10.10"]
[SourceVersion "1"]
[SourceVersionDate "2023.10.10"]
[SourceQuality "1"]

1. d4 d5 2. Nf3 e6 3. g3 Nf6 4. Bg2 b5 5. 0-0 Be7 6. b3 0-0 7. c4 bxc4 8. bxc4 c6 9. Nbd2 Nbd7 10. Bb2 Rb8 11. Bc3 Bb4 12. Qc2 Qa5 13. Bxb4 Rxb4 14. Rfb1 Rxb1+ 15. Rxb1 Ba6 16. Bf1 h6 17. e3 Rc8 18. c5 Bxf1 19. Kxf1 Rb8 20. Rxb8+ Nxb8 21. Ne5 Nbd7 22. Nb3 Qa4 23. Nxd7 Nxd7 24. Kg2 Nf6 25. f3 g6 26. Qd2 Qc4 27. Kf2 Nd7 28. Qb2 e5 29. Na5 Qa4 30. Nb7 Qa6 31. Nd6 exd4 32. exd4 Qd3 33. Kg2 h5 34. h4 Nf8 35. Nc8 Qa6 36. Ne7+ Kg7 37. Kg1 Kf6 38. Ng8+ Kg7 39. Ne7 Kf6 40. Ng8+ Kg7 41. Ne7 1/2-1/2

[Event "MNT-chT"]
[Site "Herceg Novi"]
[Date "2023.05.03"]
[Round "3.3"]
[White "Prijovic, Miodrag"]
[Black "Miletic, Vuk"]
[Result "0-1"]
[WhiteElo "2017"]
[BlackElo "2194"]
[PlyCount "98"]
[EventDate "2023.05.01"]
[EventType "team-tourn"]
[EventRounds "9"]
[EventCountry "MNE"]
[SourceTitle "CBM 214 Extra"]
[Source "ChessBase"]
[SourceDate "2023.07.31"]
[SourceVersion "1"]
[SourceVersionDate "2023.07.31"]
[SourceQuality "1"]
[WhiteTeam "Mladost"]
[BlackTeam "Elektroprivreda"]
[WhiteTeamCountry "MNE"]
[BlackTeamCountry "MNE"]

1. d4 d5 2. c4 e6 3. cxd5 exd5 4. Nc3 c6 5. Nf3 Bd6 6. Bg5 Ne7 7. e3 Qb6 8. Qd2 Nf5 9. Bd3 h6 10. Bxf5 Bxf5 11. Bh4 Qa6 12. Bg3 Bb4 13. a3 Nd7 14. Rc1 Be7 15. Ne5 Nxe5 16. Bxe5 0-0 17. f3 Rfe8 18. Kf2 Bf8 19. g4 Qd3 20. Rhd1 Qxd2+ 21. Rxd2 Bg6 22. Na4 Rac8 23. Rc3 c5 24. Nxc5 Bxc5 25. dxc5 Rxe5 26. f4 Re7 27. f5 Bh7 28. Rxd5 Kf8 29. Kf3 f6 30. e4 Bg8 31. Rd2 Bf7 32. h4 Be8 33. Kf4 Bc6 34. Rd4 Rce8 35. Re3 Kf7 36. b4 a6 37. Re1 Rd7 38. Rxd7+ Bxd7 39. Rd1 Bc6 40. Rd4 Re7 41. Rc4 Rd7 42. g5 Rd1 43. g6+ Ke7 44. Rc3 Rh1 45. Kg3 Re1 46. Kf2 Rxe4 47. Re3 Re5 48. Rxe5+ fxe5 49. Kg3 h5 0-1

[Event "MNT-chT"]
[Site "Herceg Novi"]
[Date "2023.05.02"]
[Round "2.3"]
[White "Miletic, Vuk"]
[Black "Grbovic, Dino"]
[Result "1-0"]
[WhiteElo "2194"]
[BlackElo "1713"]
[PlyCount "113"]
[EventDate "2023.05.01"]
[EventType "team-tourn"]
[EventRounds "9"]
[EventCountry "MNE"]
[SourceTitle "CBM 214 Extra"]
[Source "ChessBase"]
[SourceDate "2023.07.31"]
[SourceVersion "1"]
[SourceVersionDate "2023.07.31"]
[SourceQuality "1"]
[WhiteTeam "Elektroprivreda"]
[BlackTeam "Omladinac Buducnost"]
[WhiteTeamCountry "MNE"]
[BlackTeamCountry "MNE"]

1. d4 Nf6 2. c4 g6 3. Nc3 Bg7 4. e4 d6 5. Be2 0-0 6. Nf3 Nbd7 7. 0-0 e5 8. Be3 Qe7 9. Qc2 c6 10. d5 c5 11. Nd2 Kh8 12. Kh1 Ng8 13. g4 Bh6 14. Bxh6 Nxh6 15. Rg1 f6 16. Nf1 a6 17. Ne3 Qg7 18. h4 Nf7 19. Rg2 Qg8 20. Rag1 Nd8 21. Qd2 Rf7 22. a3 Ra7 23. Bd1 b6 24. Rh2 Qf8 25. Bc2 Kg8 26. f3 Nb8 27. Ba4 Rab7 28. h5 Rg7 29. b4 Rgc7 30. Rb1 Nf7 31. Kg2 Ng5 32. Rbh1 Qg7 33. Bc6 Ra7 34. Na4 f5 35. gxf5 gxf5 36. h6 Qg6 37. Rg1 Nxe4+ 38. Kf1 Qxg1+ 39. Kxg1 Nxd2 40. Rxd2 Nxc6 41. dxc6 Rxc6 42. b5 axb5 43. cxb5 Rcc7 44. Nxb6 Be6 45. a4 c4 46. Rxd6 Kf7 47. Nbd5 Rxa4 48. Nxc7 Ra3 49. Rxe6 Rxe3 50. Kf2 f4 51. Rc6 Rc3 52. Nd5 Rc2+ 53. Ke1 Rb2 54. b6 Rb3 55. Rxc4 Rxf3 56. b7 Rb3 57. Rb4 1-0

[Event "EU-ch 23rd"]
[Site "Vrnjacka Banja"]
[Date "2023.03.08"]
[Round "6"]
[White "Miletic, Vuk"]
[Black "Bozinovic, Boban"]
[Result "1-0"]
[WhiteElo "2231"]
[BlackElo "1931"]
[PlyCount "91"]
[EventDate "2023.03.03"]
[EventType "swiss"]
[EventRounds "11"]
[EventCountry "SRB"]
[SourceTitle "CBM 213"]
[Source "ChessBase"]
[SourceDate "2023.04.30"]
[SourceVersion "1"]
[SourceVersionDate "2023.04.30"]
[SourceQuality "1"]

1. Nf3 c5 2. c4 Nf6 3. Nc3 Nc6 4. d4 cxd4 5. Nxd4 a6 6. e4 d6 7. Be2 g6 8. 0-0 Bg7 9. Be3 0-0 10. h3 Nxd4 11. Bxd4 Be6 12. b3 Nd7 13. f4 Bxd4+ 14. Qxd4 Qb6 15. Qxb6 Nxb6 16. f5 Bd7 17. f6 exf6 18. Rxf6 Be6 19. Rd1 Rad8 20. Rf3 Nc8 21. Rfd3 Rde8 22. Bf3 Re7 23. Nd5 Bxd5 24. Rxd5 Rfe8 25. R1d4 h5 26. a4 b6 27. a5 Kg7 28. axb6 Rb7 29. e5 Nxb6 30. Rxd6 Rbb8 31. c5 Nc8 32. Rd8 Ne7 33. Rxb8 Rxb8 34. b4 Kf8 35. g4 hxg4 36. hxg4 g5 37. Be4 Nc8 38. c6 Ke7 39. c7 Rb5 40. Bf5 Rxe5 41. Bxc8 Re1+ 42. Kf2 Rc1 43. Bxa6 Rxc7 44. Bd3 Ke6 45. b5 Ke5 46. Rb4 1-0

[Event "EU-ch 23rd"]
[Site "Vrnjacka Banja"]
[Date "2023.03.04"]
[Round "2"]
[White "Miletic, Vuk"]
[Black "Labrovic, Jakov"]
[Result "1-0"]
[WhiteElo "2231"]
[BlackElo "1888"]
[PlyCount "75"]
[EventDate "2023.03.03"]
[EventType "swiss"]
[EventRounds "11"]
[EventCountry "SRB"]
[SourceTitle "CBM 213"]
[Source "ChessBase"]
[SourceDate "2023.04.30"]
[SourceVersion "1"]
[SourceVersionDate "2023.04.30"]
[SourceQuality "1"]

1. Nf3 d5 2. c4 c6 3. b3 Nf6 4. Bb2 dxc4 5. bxc4 Bg4 6. e3 Nbd7 7. Be2 Qc7 8. h3 Bh5 9. d4 e6 10. Nc3 Be7 11. 0-0 h6 12. Rc1 0-0 13. Nd2 Bg6 14. Bf3 Qa5 15. Nb3 Qg5 16. g3 Bf5 17. Bg2 Qg6 18. Ne2 Rfd8 19. g4 Bxg4 20. hxg4 Nxg4 21. Nf4 Qg5 22. Nd2 Bd6 23. Qf3 f5 24. c5 Nxc5 25. Rxc5 Bxc5 26. Nxe6 Qh4 27. Qh3 Qxh3 28. Bxh3 Bb4 29. Nxd8 Rxd8 30. Nc4 b5 31. Bxg4 fxg4 32. Ne5 Rd6 33. Rc1 Rf6 34. Rxc6 Rf5 35. d5 Rf8 36. d6 h5 37. d7 Rd8 38. Rc8 1-0

[Event "EU-ch 23rd"]
[Site "Vrnjacka Banja"]
[Date "2023.03.03"]
[Round "1"]
[White "Boruchovsky, Avital"]
[Black "Miletic, Vuk"]
[Result "1-0"]
[WhiteElo "2536"]
[BlackElo "2231"]
[PlyCount "73"]
[EventDate "2023.03.03"]
[EventType "swiss"]
[EventRounds "11"]
[EventCountry "SRB"]
[SourceTitle "CBM 213"]
[Source "ChessBase"]
[SourceDate "2023.04.30"]
[SourceVersion "1"]
[SourceVersionDate "2023.04.30"]
[SourceQuality "1"]

1. d4 d5 2. c4 e6 3. Nc3 a6 4. cxd5 exd5 5. Nf3 Nf6 6. Bg5 Be6 7. e3 Nbd7 8. Bd3 Bd6 9. 0-0 0-0 10. Qc2 h6 11. Bf4 Qe7 12. h3 Rfe8 13. a3 c5 14. Bxd6 Qxd6 15. dxc5 Nxc5 16. b4 Nxd3 17. Qxd3 a5 18. Qd4 Rec8 19. Nd2 axb4 20. axb4 Qc6 21. b5 Qc7 22. b6 Qc6 23. Ra7 Nd7 24. Rb1 Rab8 25. Ne2 Qd6 26. Ne4 Qc6 27. N4c3 Qd6 28. Ra4 Rc6 29. Rab4 Ra8 30. Nf4 Ra5 31. Nb5 Qe5 32. Qxe5 Nxe5 33. Nd4 Rd6 34. Rc1 Nc4 35. e4 dxe4 36. Ndxe6 Nxb6 37. Rxb6 1-0